000
00292nam a22001337a 4500
008
170612b xxu||||| |||| 00| 0 eng d
020
_a
9781412901383
041
_a
eng
080
_2
2ND
_a
32
100
_a
19
101
_a
SHP
245
_a
POLITICAL GEOGRAPHY
_c
PAINTER,J
942
_2
udc
_c
BK
999
_c
16941
_d
16941